| 000 | 00543nam a22002057a 4500 | ||
|---|---|---|---|
| 005 | 20260514114549.0 | ||
| 008 | 260514b |||||||| |||| 00| 0 eng d | ||
| 037 | _cTB | ||
| 040 |
_aAL _cAL |
||
| 041 |
_2eng _aeng |
||
| 084 |
_aV498.N5 _qAL |
||
| 100 | _aRam Rahul | ||
| 245 | _aGovernment and politics of Tibet | ||
| 260 |
_aDelhi, India: _bVikas Publications, _c1969. |
||
| 300 | _a160p. | ||
| 650 | _2Tibet-History | ||
| 650 | _2History | ||
| 942 |
_2CC _cTB _hV498.N5 _n0 |
||
| 999 |
_c1851417 _d1851417 |
||